| 000 -CABECERA |
| fixed length control field |
02447nam a22003617a 4500 |
| 003 - IDENTIFICADOR DEL NÚMERO DE CONTROL |
| control field |
AR-CdUCM |
| 008 - DATOS DE LONGITUD FIJA--INFORMACIÓN GENERAL |
| fixed length control field |
190515b ||||| |||| 00| 0 spa d |
| 040 ## - FUENTE DE LA CATALOGACIÓN |
| Agencia/entidad que catalogó originalmente la obra |
MUNICIPALIDAD PROVINCIAL DEL CUSCO |
| Entidad que transcribió la catalogación |
BIBLIOTECA MUNICIPAL DEL CUSCO |
| 082 ## - NÚMERO DE LA CLASIFICACIÓN DECIMAL DEWEY |
| No. de Clasificación |
MVirreynal/N°1/1965 |
| 110 ## - ENTRADA PRINCIPAL--NOMBRE DE ENTIDAD CORPORATIVA |
| Nombre de la institución, jurisdicción como entrada principal |
Casa de la Cultura departamental del Cuzco |
| 9 (RLIN) |
47291 |
| 245 ## - MENCIÓN DE TÍTULO |
| Título |
Revista del Museo Virreynal / |
| Mención de responsabilidad |
Casa de la Cultura del Perú, Casa de la Cultura departamental del Cuzco, Museo Virreynal Cuzco |
| 260 ## - PUBLICACIÓN, DISTRIBUCIÓN, ETC. |
| Lugar de publicación, distribución, etc. |
Cusco : |
| Nombre de la editorial, distribuidor, etc. |
H.G.Rozas, |
| -- |
Museo Virreynal Cuzco, |
| Fecha de publicación, distribución, etc. |
1965. |
| 300 ## - DESCRIPCIÓN FÍSICA |
| Nº de Páginas Extensión |
56 páginas. : |
| Otros detalles físicos |
ilustraciones ; |
| Dimensiones |
28 cm. |
| 440 ## - MENCIÓN DE SERIE/PUNTO DE ACCESO ADICIONAL--TÍTULO |
| Título |
Revista del Museo Virreynal. |
| Número de la parte/sección de una obra |
Año I, N°1, diciembre 1965. |
| 9 (RLIN) |
47292 |
| 505 ## - NOTA DE CONTENIDO CON FORMATO |
| Nota de contenido formateada |
Contenido: El destino cultural de América. Alfredo Yépez Miranda. -- Connotados juristas y magistrados una resolución expedida por la audiencia cuzqueña. Alcides F. Estrada. -- Por la defensa de nuestros monumentos arqueológicos. Luis A. Pardo. -- Tambo de Montero época del Marquéz de Mancera. Clorinda Matto De Turner. -- Instituto de Investigaciones Estéticas. Mariano Fuentes Lira. -- Trabajos de reconstrucción de los monumentos coloniales después del sismo de 1950 Arquitectura religiosa. Oscar Ladron de Guevara Avilés. -- El Museo Vírreynal. Carmela Pérez De Alarcón -- El cura pintor Antonio Valdéz y Ugarte. Teófilo Benavente. -- Canto al Cuzco y sus piedras sagradas. Luis Nieto -- Los heraldos negros. Cesar Vallejo -- Yana Chasquicuna, versión de los heraldos negros de Vallejo al Kechua. Efraín Chavarría. -- Antonia Vega Centeno Bocangel. Carmela Pérez de Alarcón. Homenaje del Museo a los pintores de los siglos XVII y XVIII. Teófilo Benavente. -- Joyas de Arte del Museo Virreynal. |
| 650 ## - PUNTO DE ACCESO ADICIONAL DE MATERIA--TÉRMINO DE MATERIA |
| Descriptor |
Arquitectura religiosa |
| 9 (RLIN) |
5651 |
| 650 ## - PUNTO DE ACCESO ADICIONAL DE MATERIA--TÉRMINO DE MATERIA |
| Descriptor |
Pintura cusqueña |
| 9 (RLIN) |
7254 |
| 650 ## - PUNTO DE ACCESO ADICIONAL DE MATERIA--TÉRMINO DE MATERIA |
| Descriptor |
Arte cusqueño |
| 9 (RLIN) |
13165 |
| 650 ## - PUNTO DE ACCESO ADICIONAL DE MATERIA--TÉRMINO DE MATERIA |
| Descriptor |
Obras de arte |
| 9 (RLIN) |
13563 |
| 650 ## - PUNTO DE ACCESO ADICIONAL DE MATERIA--TÉRMINO DE MATERIA |
| Descriptor |
Clorinda Matto De Turner |
| 9 (RLIN) |
29945 |
| 700 ## - PUNTO DE ACCESO ADICIONAL--NOMBRE DE PERSONA |
| Nombre Personal |
Yépez Miranda, Alfredo |
| 9 (RLIN) |
4230 |
| 700 ## - PUNTO DE ACCESO ADICIONAL--NOMBRE DE PERSONA |
| Nombre Personal |
Estrada, Alcides |
| 9 (RLIN) |
47179 |
| 700 ## - PUNTO DE ACCESO ADICIONAL--NOMBRE DE PERSONA |
| Nombre Personal |
Pardo, Luis A |
| 9 (RLIN) |
25736 |
| 700 ## - PUNTO DE ACCESO ADICIONAL--NOMBRE DE PERSONA |
| Nombre Personal |
Fuentes Lira, Mariano |
| 9 (RLIN) |
36631 |
| 700 ## - PUNTO DE ACCESO ADICIONAL--NOMBRE DE PERSONA |
| Nombre Personal |
Ladrón de Guevara Avilés, Oscar |
| 9 (RLIN) |
46572 |
| 700 ## - PUNTO DE ACCESO ADICIONAL--NOMBRE DE PERSONA |
| Nombre Personal |
Benavente Velarde, Teófilo |
| 9 (RLIN) |
3145 |
| 700 ## - PUNTO DE ACCESO ADICIONAL--NOMBRE DE PERSONA |
| Nombre Personal |
Nieto Miranda, Luis |
| 9 (RLIN) |
31822 |
| 710 ## - PUNTO DE ACCESO ADICIONAL--NOMBRE DE ENTIDAD CORPORATIVA |
| Nombre corporativo (En letras Mayúsculas) |
Casa de la Cultura del Perú |
| 9 (RLIN) |
6211 |
| 710 ## - PUNTO DE ACCESO ADICIONAL--NOMBRE DE ENTIDAD CORPORATIVA |
| Nombre corporativo (En letras Mayúsculas) |
Museo Virreynal Cuzco |
| 9 (RLIN) |
47293 |
| 856 ## - LOCALIZACIÓN Y ACCESO ELECTRÓNICOS |
| Identificador Uniforme de Recurso (URI) |
<a href="http://bvirtual.culturacusco.gob.pe/items/show/23">http://bvirtual.culturacusco.gob.pe/items/show/23</a> |
| Nota pública |
Leer digital |
| 942 ## - ELEMENTOS DE PUNTO DE ACCESO ADICIONAL (KOHA) |
| Fuente de clasificación |
|
| Tipo de item |
Revistas cusqueñas |
| 945 ## - PROCESAMIENTO DE INFORMACIÓN LOCAL (OCLC) |
| Catalogador |
vhl |